| 000 | 01419nam a22003977a 4500 | ||
|---|---|---|---|
| 003 | CHAP | ||
| 005 | 20220329135112.0 | ||
| 008 | 971013c19771978 r 00010 d | ||
| 010 | _a30954 | ||
| 011 | _a31926 | ||
| 035 | _a36038 | ||
| 040 | _cCHAP | ||
| 090 | _aFolleto 4781 | ||
| 100 | 0 | 0 |
_aCountryman, Clive M. _928632 |
| 245 | _aHeat-its role in wildland fire | ||
| 260 |
_aBerkeley, Calif. : _bPacific Southwest Forest and Range Experiment Station, _c1977-1978 |
||
| 300 |
_a5 v. _b: ilus. |
||
| 490 | _aYellow series | ||
| 500 | _aLa biblioteca tiene: v.4, v.5 | ||
| 505 | _aContenido: v.1 The nature of heat. -- v.2 Heaconduction. -- v.3 Heat conduction and wildland fire. -- v.4 Radiation. -- v.5 Radiation and wildland fire | ||
| 590 |
_aBATCH-UPD _b10 _c20130110 _lUCH01 _h0138 |
||
| 590 |
_aBATCH-UPD _b10 _c20130110 _lUCH01 _h1113 |
||
| 590 |
_aBATCH-UPD _b10 _c20130410 _lUCH01 _h0704 |
||
| 590 |
_aBATCH-UPD _b10 _c20130914 _lUCH01 _h0711 |
||
| 590 |
_aCONVERSION _b10 _c20130109 _lUCH01 _h1318 |
||
| 650 | 1 | 4 |
_aBosques _xIncendios. _914211 |
| 650 | 1 | 4 |
_aCalor. _917570 |
| 650 | 1 | 4 |
_aCalor _xTransmisión. _917579 |
| 650 | 1 | 4 |
_aEnergía solar. _936911 |
| 650 | 1 | 4 |
_aRadiación solar. _993678 |
| 830 | 0 |
_aYellow series _9123066 |
|
| 901 | _aBK | ||
| 942 | _cLIBRO | ||
| 949 |
_aFolleto 4781 _bBC _cLIBRO _d-83129 _eLIBRO _fv.4 _i36038 _si |
||
| 949 |
_aFolleto 4781 _bBC _cLIBRO _d-83130 _eLIBRO _fv.5 _i36038 _si |
||
| 999 |
_c30954 _d30954 |
||